000 00824nam a2200265Ia 4500
003 OSt
005 20221005071745.0
006 a|||||r|||| 00| 0
007 ta
008 221004b |||||||| |||| 00| 0 eng d
020 _a978 93 86606 50 1 (pbk)
_cINR 699.00
024 _a38478
037 _bINDXL./DU-CL/113/2017-18, 05/02/2018, Index International
_cTextual
040 _aCRL
_cCRL
_beng
041 _2eng
_aeng
082 _aR34, Q3
100 _aTimpe Kevin Au.
_9606633
245 0 _aFree will
_b sourcehood and its alternatives
250 _a2nd
260 _aNew Delhi
_bBloomsbury India
_c2013
300 _axii,234p.
_ccm.
650 _aPHILOSOPHY
942 _hR34, Q3
_cTEXL
_2cc
999 _c978309
_d978309